South Eastern Kenya University

Library Online Public Access Catalogue


The first session with seniors : (Record no. 13205)

MARC details
000 -LEADER
fixed length control field 00700cam a22002294a 4500
001 - CONTROL NUMBER
control field 2155978
003 - CONTROL NUMBER IDENTIFIER
control field OSt
005 - DATE AND TIME OF LATEST TRANSACTION
control field 20160503130134.0
008 - FIXED-LENGTH DATA ELEMENTS--GENERAL INFORMATION
fixed length control field 990625s2000 caua b 001 0 eng
010 ## - LIBRARY OF CONGRESS CONTROL NUMBER
LC control number 99006679
020 ## - INTERNATIONAL STANDARD BOOK NUMBER
Canceled/invalid ISBN 0787947431 (alk. paper)
040 ## - CATALOGING SOURCE
Original cataloging agency SEKU
050 00 - LIBRARY OF CONGRESS CALL NUMBER
Classification number RC 480.54
Item number .S3
100 1# - MAIN ENTRY--PERSONAL NAME
Personal name Scogin, Forrest Ray.
245 14 - TITLE STATEMENT
Title The first session with seniors :
Remainder of title a step-by-step guide /
Statement of responsibility, etc. Forrest Scogin.
260 ## - PUBLICATION, DISTRIBUTION, ETC. (IMPRINT)
Place of publication, distribution, etc. San Francisco :
Name of publisher, distributor, etc. Jossey-Bass,
Date of publication, distribution, etc. 2000.
300 ## - PHYSICAL DESCRIPTION
Extent xiii, 160 p. :
Other physical details ill. ;
Dimensions 24 cm.
504 ## - BIBLIOGRAPHY, ETC. NOTE
Bibliography, etc "Further reading": p. 147.
504 ## - BIBLIOGRAPHY, ETC. NOTE
Bibliography, etc Includes bibliographical references and index.
650 #0 - SUBJECT ADDED ENTRY--TOPICAL TERM
Topical term or geographic name as entry element Psychotherapy for older people.
942 ## - ADDED ENTRY ELEMENTS (KOHA)
Source of classification or shelving scheme Library of Congress Classification
Koha item type General circulation
Holdings
Withdrawn status Lost status Source of classification or shelving scheme Damaged status Not for loan Home library Current library Shelving location Date acquired Source of acquisition Total Checkouts Full call number Barcode Date last seen Price effective from Koha item type Public note
    Library of Congress Classification     Main Campus Library Main Campus Library General Stacks 03/05/2016 Donations - Books for Africa   RC 480.54 .S3 2016/015706 03/05/2016 03/05/2016 General circulation 3kwa
Kitui, Kenya.
+254736116989
library@seku.ac.ke